000 02582nam a2200217Ia 4500
003 Ost
005 20260507075007.0
008 260507s9999||||xx |||||||||||||| ||und||
040 _cfsecg
041 _aara
082 _a338.72
100 _aأبو عامرية، فالح
_eمؤلف
245 0 _aالخصخصة وتأثيراتها الاقتصادية /
_c فالح أبو عامرية
260 _aعمان:
_bدار اسامة للنشر و التوزيع,
_c2007
300 _a320 صفحة؛
_c24 سم
520 _aالمحتويات : المقدمة-الفصل الاول : الخصخصة : فكرة الخصخصة : تصاعد الإتجاه صوب الخصخصة-الفصل الثاني : الخصخصة وفق رؤية إسلامية : اهداف الخصخصة-الفصل الثالث : متطلبات سياسات الخصخصة وتأثيراتها المختلفة : كيفية تطبيق الخصخصة-الفصل الرابع : أساليب الخصخصة وسبل الاستفادة منها : اساليب عملية الخصخصة-الفصل الخامس : الاستثمار الأجنبي والخصخصة-الفصل السادس : الحكم الرشيد وخصخصة المؤسسات : أهمية الحكم الرشيد-الفصل السابع : ترويج قضايا الخصخصة : أهمية الترويج لقضايا الخصخصة في الدول النامية-الفصل الثامن : طرق الخصخصة : رؤية تسويقية في أهم قضايا الخصخصة-الفصل التاسع : الخصخصة وآثارها الاقتصادية المتوقعة على الاقتصاديات العربية-الفصل العاشر : سياسات التخصيص دراسة لتجربة دولة قطر : مفهوم التخصيص-الفصل الحادي عشر : الخصخصة في المملكة العربية السعودية لماذا أبطأ إيقاعها : ضرورة التمهيد : البعض لا يريد-الفصل الثاني عشر : صندوق النقد الدولي وخصخصة الاقتصاد العراقي : الإمبرالية الاقتصادية للولايات المتحدة-الفصل الثالث عشر : الخصخصة في مصر : عملية خصخصة البنك المصري الأمريكي-الفصل الرابع عشر : خصخصة في لبنان : الخصخصة في لبنان هل هي خيار المرحلة، وسمة العصر.
653 _aالقطاع الخاص
653 _aالقطاع الخاص- مصر
653 _aجوانب اقتصادية
942 _cكتاب
999 _c42129
_d42129